ბათუმის შოთა რუსთაველის სახელმწიფო უნივერსიტეტის ბიბლიოთეკა

თათური ფოლკლორი = Татский фольклор : [პოეზია, პროზა / (ბიბ.ჩანაწერი № 41445)

000 -ლიდერი
ფიქსირებული სიგრძის საკონტროლო ველი 02090nam a2200301Ia 4500
001 - საკონტროლო ნომერი
საკონტროლო ველი 8109
003 - საკონტროლო ნომრის იდენტიფიკატორი
საკონტროლო ველი GE_BSU
005 - ბოლო ოპერაციის თარიღი და დრო
საკონტროლო ველი 20240311151634.0
008 - ფიქსირებული სიგრძის მონაცემთა ელემენტები - ზოგადი ინფორმაცია
ფიქსირებული სიგრძის საკონტროლო ველი 181216s2007||||ge |||||||||||||| ||geo||
020 ## - წიგნის საერთაშორისო სტანდარტული ნომერი
International Standard Book Number 9994092178
040 ## - კატალოგიზაციის წყარო
Transcribing agency GE_BSU
041 ## - ენის კოდი
Language code of text/sound track or separate title geo
080 ## - უნივერსალური ათობითი კლასიფიკაციის ინდექსი
Universal Decimal Classification number 821.223.2-91 თ-22
245 ## - ცნობა სათაურის შესახებ
Title თათური ფოლკლორი = Татский фольклор : [პოეზია, პროზა /
Statement of responsibility, etc შემდგ. და სპეცრედ. ლია ჩლაიძე ; პწკარედული თარგმ. თათურიდან რუს. ლ. აბრამოვასი, ფილოლ. თარგმ. ქართ. გივი ლუარსაბიშვილისა, რუს. მაია გაიდაროვასი ; მთ. რედ. ნაირა გელაშვილი, გამოც. რედ. : მიხო ბეროშვილი და ლიანა გელოვანი, მხატვ. რედ. ქეთევან ჩლაიძე].
264 ## - წარმოების, გამოცემის, დისტრიბუციის და სხვა ცნობები
გამოცემის, წარმოების, დისტრიბუციის... ადგილი თბილისი :
გამოცემის, წარმოების, დისტრიბუციის... სახელწოდება კავკასიური სახლი,
გამოცემის, წარმოების, დისტრიბუციის... თარიღი 2007.
300 ## - ფიზიკური აღწერა
Extent 160 გვ. ;
Dimensions 20 სმ.
490 ## - სერიის ცნობა
Series statement კავკასიის ხალხთა ფოლკლორი
500 ## - ზოგადი შენიშვნა
General note თავფურ., გარეკანი, ტექსტი ქართულ და რუსულ ენებზე
653 ## - INDEX TERM--UNCONTROLLED
Uncontrolled term თათური ფოლკლორი
700 ## - ADDED ENTRY--PERSONAL NAME
Personal name აბრამოვა, ლ.
Relator term მთარგმნელი
9 (RLIN) 21377
700 ## - ADDED ENTRY--PERSONAL NAME
Personal name ლუარსაბიშვილი, გივი
Relator term მთარგმნელი
9 (RLIN) 21378
700 ## - ADDED ENTRY--PERSONAL NAME
Personal name გელაშვილი, ნაირა
Relator term რედაქტორი
9 (RLIN) 817
700 ## - ADDED ENTRY--PERSONAL NAME
Personal name ბეროშვილი, მიხო
Relator term რედაქტორი
9 (RLIN) 21379
700 ## - ADDED ENTRY--PERSONAL NAME
Personal name გელოვანი, ლიანა
Relator term რედაქტორი
9 (RLIN) 21380
700 ## - ADDED ENTRY--PERSONAL NAME
Personal name ჩლაიძე, ქეთევან
Relator term რედაქტორი
9 (RLIN) 21381
942 ## - ADDED ENTRY ELEMENTS (KOHA)
Koha item type წიგნი
Source of classification or shelving scheme
ეგზემპლარები
ჩამოწერის სტატუსი დაკარგული ეგზემპლარის სტატუსი კლასიფიკაციის წყარო ან თაროზე გაწყობის სქემა დაზიანების სტატუსი არ გაიცემა მუდმივი მდებარეობა (დაცვის ადგილი) ამჟამინდელი ადგილსამყოფელი თაროზე განთავსების ადგილი შეძენის თარიღი ღირებულება, შესყიდვის ნორმალური ფასი სრული შენახვის შიფრი შტრიხკოდი ბოლო ოპერაციის თარიღი ეგზემპლარის მიმდევრობითი ნომერი (კეტერი?) ფასის ძალაში შესვლის თარიღი ეგზემპლარის სახეობა საჯარო შენიშვნა
          ბათუმის შოთა რუსთაველის სახელმწიფო უნივერსიტეტის მთავარი ბიბლიოთეკა ბათუმის შოთა რუსთაველის სახელმწიფო უნივერსიტეტის მთავარი ბიბლიოთეკა წიგნსაცავი 2018-12-17 7.00 821.223.2-91 თ-22 26300 2018-12-17 26300 2018-12-17 წიგნი 7.00 ₾.
          ბათუმის შოთა რუსთაველის სახელმწიფო უნივერსიტეტის მთავარი ბიბლიოთეკა ბათუმის შოთა რუსთაველის სახელმწიფო უნივერსიტეტის მთავარი ბიბლიოთეკა წიგნსაცავი 2018-12-17 7.00 821.223.2-91 თ-22 26301 2018-12-17 26301 2018-12-17 წიგნი 7.00 ₾.